| 000 | 01586nam a22002657a 4500 | ||
|---|---|---|---|
| 999 |
_c20454 _d20454 |
||
| 005 | 20230508160905.0 | ||
| 010 | _a HIN-85763 B-690294-295 HIN-125141 | ||
| 020 |
_a9788188916146 _c300.00 |
||
| 035 | _aHN-58109 HN-97487 | ||
| 037 | _bहिमाचल बुक सैंटर | ||
| 037 | _bDBAD / PUB | ||
| 082 | _a954.841092 | ||
| 100 | _aश्रीवास्तव, रमाशंकर | ||
| 245 |
_aनेताजी सुभाषचन्द्र बोस: _cरमाशंकर श्रीवास्तव _b आजादी की चिंगारी / |
||
| 260 |
_aदिल्ली _bहिमाचल बुक सैंटर _c2017 |
||
| 270 |
_a19 रामनगर एक्सटेंशन-2 निकट पुरानी अनारकली का गुरूद्वारा _bदिल्ली _e110051 |
||
| 300 |
_a152पृ. _c22सेमी (सजिल्द) |
||
| 500 | _aAIRPORT बलिदानी पुस्तक | ||
| 600 | _aबोस, सुभाषचन्द्र | ||
| 600 | _aBose, Subhash Chandra | ||
| 650 |
_aराष्ट्रवादी _xजीवनी _zभारत |
||
| 650 |
_aNationalist _xBiography _zIndia |
||
| 942 |
_2ddc _cHN _mश्रीवास्त _h954.841092 |
||